000 00305nam a2200133Ia 4500
008 190216s9999||||xx |||||||||||||| ||und||
100 _aL.M.Prasad
245 0 _aHuman Resourse Management
250 _a7 th Ed.
260 _bSulthan Chand&Sons
_c250
300 _a840
650 _aCommerce
942 _cBK
999 _c8278
_d8278